Представление документа в формате RUSMARC

ПолеНазваниеЗначение
  Тип записи a
  Библиографический уровень m
001 Контрольный номер RU/CBS_UL/BASE/c6ce4b83d4854f6f9db2dd3a3717b481
005 Дата корректировки 20260209100549.0
010 Индекс ISBN __
d Цена 10 р. 00 к.
9 Тираж экз.
100 Данные общей обработки __
a Данные общей обработки 20260209d 0rusy0189## ca
101 Язык документа 0_
a Язык текста rus
102 Страна публикации __
a Страна публикации RU
200 Заглавие и сведения об ответственности 1_
a Заглавие Красный террор в России 1918-1923
f Первые сведения об ответственности С. П. Мельгунов
205 Сведения об издании __
a Основные сведения об издании 5-е изд.
210 Выходные данные 1_
a Место издания Москва
c Издательство СП "РИУСО"
c Издательство P. S.
d Дата издания 1990
215 Физическое описание __
a Объем 208 с.
d Формат см.
300 Общие примечания __
a Общие примечания 16+
300 Общие примечания __
a Общие примечания Под инв. номером 38274: Цс-1, 8-1
606 Тематические рубрики 0_
a Основная рубрика Красный террор - Россия - 1918-1922
610 Ключевые слова 0_
a Ключевые слова история России; террор красный; война гражданская; интервенция военная
686 Индексы других классификаций __
2 Код системы rubbk
a Классификационный индекс 63.3(2)61
700 Автор _1
a Фамилия Мельгунов
b Имя (инициалы) С. П.
g Полное личное имя Сергей Петрович
801 Источник записи _0
a Страна RU
b Организация МБУК ЦБС г. Ульяновска
c Дата составления 20260209
g Правила каталогизации RCR
801 Источник записи _1
a Страна RU
b Организация МБУК ЦБС г. Ульяновска
c Дата составления 20260209
g Правила каталогизации RCR
852 Данные о местонахождении __
i Авторский знак М 48
j Шифр хранения 63.3(2)61
901 Тип документа __
t Тип документа m
909 Создатель записи __
a Создатель записи obr3
b Дата создания записи 20260209